00273 a2200121 4500001000700000020000600007040001100013100001500024240005000039245004500089300000800134362000900142183188 a  cMagnum aBrown, Dee10aEnterrem meu coração na curva do riolpor10aEnterrem meu coração na curva do rio a2920 a1976